Name Every Nation At The World Cup - Statistics

General Stats
  • This quiz has been taken 27 times
  • The average score is 23 of 32
Answer Stats
Groups Answer % Correct
Group G Brazil
95%
Group C Argentina
91%
Group D France
86%
Group E Germany
86%
Group E Japan
86%
Group C Saudi Arabia
86%
Group E Spain
86%
Group B England
82%
Group H Portugal
82%
Group A Qatar
82%
Group B USA
82%
Group B Wales
82%
Group D Australia
77%
Group D Denmark
77%
Group B IR Iran
77%
Group C Mexico
77%
Group A Netherlands
77%
Group F Belgium
73%
Group F Croatia
73%
Group A Senegal
73%
Group G Cameroon
68%
Group F Canada
68%
Group C Poland
68%
Group G Switzerland
68%
Group D Tunisia
68%
Group A Ecuador
64%
Group H Uruguay
64%
Group E Costa Rica
59%
Group F Moroco
59%
Group H Ghana
55%
Group G Serbia
45%
Group H Korea Republic
9%
No matching quizzes found
Score Distribution
Percent of People with Each Score
Percentile by Number Answered
Your Score History
You have not taken this quiz